Business ethics / (Record no. 19298)
[ view plain ]
| 000 -LEADER | |
|---|---|
| fixed length control field | 00489nam a2200181 a 4500 |
| 005 - DATE AND TIME OF LATEST TRANSACTION | |
| control field | 20140310183137.0 |
| 008 - FIXED-LENGTH DATA ELEMENTS--GENERAL INFORMATION | |
| fixed length control field | 020819s19uu xx 00 eng d |
| 050 ## - LIBRARY OF CONGRESS CALL NUMBER | |
| Classification number | HF 5387 |
| Item number | .G722 2000 |
| 100 ## - MAIN ENTRY--PERSONAL NAME | |
| Personal name | Gow, Carmelita Miranda |
| 245 ## - TITLE STATEMENT | |
| Title | Business ethics / |
| Statement of responsibility, etc | Carmelita Miranda Gow |
| 260 ## - PUBLICATION, DISTRIBUTION, ETC. (IMPRINT) | |
| Place of publication, distribution, etc | Metro Manila : |
| Name of publisher, distributor, etc | National Book Store, |
| Date of publication, distribution, etc | 2000. |
| 300 ## - PHYSICAL DESCRIPTION | |
| Extent | 269 p. : |
| Dimensions | 22 cm. |
| 521 ## - TARGET AUDIENCE NOTE | |
| Target audience note | |
| 650 ## - SUBJECT ADDED ENTRY--TOPICAL TERM | |
| Topical term or geographic name as entry element | Business ethics |
| 942 ## - ADDED ENTRY ELEMENTS (KOHA) | |
| Koha item type | Books |
| Source of classification or shelving scheme | Library of Congress Classification |
| Call number prefix | Local |
| Withdrawn status | Lost status | Source of classification or shelving scheme | Damaged status | Home library | Current library | Shelving location | Date acquired | Source of acquisition | Cost, normal purchase price | Total Checkouts | Full call number | Barcode | Date last seen | Copy number | Price effective from | Koha item type | Total Renewals | Date checked out |
|---|---|---|---|---|---|---|---|---|---|---|---|---|---|---|---|---|---|---|
| Library of Congress Classification | College Library | College Library | Filipiniana Section | 08/19/2002 | Donation | 130.00 | HF 5387 .G722 2000 | C0169 | 05/08/2018 | 1 | 10/10/2013 | Books | ||||||
| Library of Congress Classification | College Library | College Library | Filipiniana Section | 12/04/2013 | Donation | 1 | HF 5387 .G722 2000 | C0102 | 05/08/2018 | 2 | 12/04/2013 | Books | 1 | 06/20/2014 |